| 000 | 00791nam a2200229Ii 4500 | ||
|---|---|---|---|
| 003 | JO-AjNU | ||
| 008 | 230605s9999||||xx |||||||||||||| ||und|| | ||
| 017 | _a2005/8/2057 | ||
| 020 | _a9957-00-223-6 | ||
| 040 |
_aJO-AjNU _bara _erda _cJO-AjNU |
||
| 041 | _aara | ||
| 050 | 1 | 4 | _aHQ799.9.V3 Z7666 2006 |
| 100 | 3 |
_aالزيود، ماجد, _eauthor _921996 |
|
| 245 | 0 | 0 | _aالشباب والقيم في عالم متغير |
| 250 | _aط1 | ||
| 264 | 3 | 1 | _aعمان: دار الشروق للنشر والتوزيع، 2006 |
| 300 |
_a168ص _bيحتوي ببلوغرافية من ص 159-168ص |
||
| 336 |
_atext _btxt _2rdacontent |
||
| 337 |
_aunmediated _bn _2rdamedia |
||
| 338 |
_avolume _bnc _2rdacarrier |
||
| 650 | 4 |
_aالشباب - القيم - الشباب في الاردن _921997 |
|
| 999 |
_aA7735 _c11303 _d11303 |
||